00481nam a2200133 a 450000100100000000500170001000800410002704000250006808200160009310000200010924501470012926000430027630000280031900003462920200930073815.0111011s1888 xxua 000 0 eng d aDO-SdBNPbspacBNPHU axxxxbH323c1 aHarrisse, Henry10aChristopher Columbus and the bank of Saint George (ufficio di San Giorgio in Genoa). :btwo letters addressed to Samuel L. M. Barlow, Esquire. aNew York, :bPrivately printed,c1888. a126 p. :bil. ;c33 cm.